[Event "Albena BUL, 19th Open round_1"]
[Site "Albena BUL"]
[Date "2011.06.25"]
[Round "1.36"]
[White "Panbukchian, Valentin"]
[Black "Ivanov, Valentin"]
[Result "1-0"]
[WhiteElo "2385"]
[BlackElo "1833"]
[PlyCount "47"]
[EventDate "2011.06.25"]
[EventType "swiss"]
[EventRounds "9"]
[EventCountry "BUL"]

1. f4 d5 2. Nf3 c5 3. g3 Nc6 4. Bg2 Bg4 5. d3 f5 6. O-O Nf6 7. Nbd2 e6 8. c3
Bd6 9. Qb3 Qb6 10. e4 Bc7 11. exd5 exd5 12. Re1+ Ne7 13. Qa4+ Qc6 14. Qxc6+
bxc6 15. Ng5 h6 16. Ne6 Bd6 17. h3 Bh5 18. Nb3 Kf7 19. Nbxc5 Rab8 20. b4 Bxc5+
21. Nxc5 a5 22. bxa5 Rb5 23. Nb3 Nd7 24. Ba3 1-0

[Event "Albena BUL, 19th Open round_1"]
[Site "Albena BUL"]
[Date "2011.06.25"]
[Round "1.37"]
[White "Chidi, Lovinia Sylvia"]
[Black "Spassov, Liuben"]
[Result "0-1"]
[WhiteElo "1822"]
[BlackElo "2384"]
[PlyCount "88"]
[EventDate "2011.06.25"]
[EventType "swiss"]
[EventRounds "9"]
[EventCountry "BUL"]

1. e4 c5 2. Nf3 e6 3. Nc3 a6 4. d4 cxd4 5. Nxd4 b5 6. a3 Bb7 7. Be2 Qc7 8. O-O
Nf6 9. Bf3 d6 10. Bg5 Nbd7 11. Re1 Be7 12. Qd2 O-O 13. Rad1 Ne5 14. Bxf6 Bxf6
15. Be2 Rfd8 16. Bf1 Rac8 17. Qe3 h5 18. h3 h4 19. f4 Nc6 20. Nf3 b4 21. axb4
Nxb4 22. Bd3 Bxc3 23. bxc3 Qxc3 24. Nxh4 Nxc2 25. Bxc2 Qxc2 26. Rc1 Qa4 27. Qb6
Bxe4 28. Rxc8 Rxc8 29. Qxd6 Qc6 30. Qe5 Bd5 31. Kh2 a5 32. Re3 Qc7 33. Qg5 Qd8
34. Qh5 Qf6 35. f5 Qh6 36. Qxh6 gxh6 37. fxe6 Bxe6 38. Kg3 Rc4 39. Nf3 a4 40.
Ne5 Rd4 41. Nf3 Rb4 42. Ra3 Kf8 43. Kf2 Rb2+ 44. Ke3 Bb3 0-1

[Event "Albena BUL, 19th Open round_1"]
[Site "Albena BUL"]
[Date "2011.06.25"]
[Round "1.38"]
[White "Kadric, Denis"]
[Black "Vasilescu, Maria"]
[Result "1-0"]
[WhiteElo "2376"]
[BlackElo "1822"]
[PlyCount "37"]
[EventDate "2011.06.25"]
[EventType "swiss"]
[EventRounds "9"]
[EventCountry "BUL"]

1. e4 e5 2. Nf3 Nc6 3. Nc3 Bc5 4. Nxe5 Bxf2+ 5. Kxf2 Nxe5 6. d4 Qf6+ 7. Kg1 Ng6
8. h4 h5 9. Bg5 Qc6 10. Bb5 Qb6 11. Nd5 Qd6 12. Be2 N8e7 13. Bxh5 Nxd5 14. exd5
O-O 15. c4 b5 16. c5 Qa6 17. Bf3 Bb7 18. h5 Nh8 19. h6 1-0

[Event "Albena BUL, 19th Open round_1"]
[Site "Albena BUL"]
[Date "2011.06.25"]
[Round "1.39"]
[White "Hincu, Olga"]
[Black "Soltanici, Ruslan"]
[Result "0-1"]
[WhiteElo "1816"]
[BlackElo "2367"]
[PlyCount "118"]
[EventDate "2011.06.25"]
[EventType "swiss"]
[EventRounds "9"]
[EventCountry "BUL"]

1. d4 Nf6 2. Nf3 e6 3. c4 b6 4. Nc3 Bb4 5. Bg5 h6 6. Bh4 Bb7 7. e3 g5 8. Bg3
Ne4 9. Qc2 Bxc3+ 10. bxc3 d6 11. Bd3 f5 12. O-O Nd7 13. Nd2 Ndf6 14. Nxe4 Bxe4
15. f3 Bxd3 16. Qxd3 O-O 17. Bf2 Qd7 18. Rad1 Rad8 19. Qc2 Qc6 20. Qb3 Kg7 21.
Qb5 Qd7 22. Rfe1 a6 23. Qxd7+ Rxd7 24. a4 a5 25. Rb1 g4 26. Rb5 Rg8 27. fxg4
Nxg4 28. h3 Nf6 29. c5 Kh7 30. cxb6 cxb6 31. Rxb6 Rdg7 32. g3 Ne4 33. Rb5 h5
34. Rxa5 h4 35. g4 Rf8 36. Bxh4 fxg4 37. Rh5+ Kg8 38. hxg4 Rxg4+ 39. Kh2 Nd2
40. Kh3 Rg7 41. Rg5 Rxg5 42. Bxg5 Nf3 43. Rb1 Nxg5+ 44. Kg4 Ne4 45. c4 Rc8 46.
Rc1 Kf7 47. Kf4 Nd2 48. c5 dxc5 49. Rxc5 Rxc5 50. dxc5 Nb3 51. c6 Ke7 52. Ke5
Na5 53. c7 Nc6+ 54. Ke4 Kd7 55. Kd3 Kxc7 56. Kc4 Kb6 57. e4 Ne5+ 58. Kd4 Nd7
59. Kc4 Ka5 0-1

[Event "Albena BUL, 19th Open round_1"]
[Site "Albena BUL"]
[Date "2011.06.25"]
[Round "1.40"]
[White "Anton, Teodor"]
[Black "Todorova, Kalina"]
[Result "1-0"]
[WhiteElo "2355"]
[BlackElo "1815"]
[PlyCount "65"]
[EventDate "2011.06.25"]
[EventType "swiss"]
[EventRounds "9"]
[EventCountry "BUL"]

1. d4 Nf6 2. c4 e6 3. Nc3 b6 4. Nf3 Be7 5. e4 Bb7 6. Bd3 d6 7. O-O c5 8. d5 O-O
9. Re1 Ng4 10. h3 Ne5 11. Nxe5 dxe5 12. Qg4 Qd7 13. Qg3 Bf6 14. Be3 Na6 15. a3
Nc7 16. Rad1 Qe7 17. Re2 Ne8 18. Rb1 Ba6 19. b4 cxb4 20. axb4 Bxc4 21. Bxc4 Rc8
22. Ba2 Rxc3 23. Bc5 Rxc5 24. bxc5 bxc5 25. dxe6 fxe6 26. Qg4 Nd6 27. Qxe6+
Qxe6 28. Bxe6+ Kh8 29. Ra1 Nb5 30. Bc4 Nd4 31. Rb2 Nc6 32. Ra6 Rc8 33. Rxc6 1-0

[Event "Albena BUL, 19th Open round_1"]
[Site "Albena BUL"]
[Date "2011.06.25"]
[Round "1.41"]
[White "Kamenov, Valentin"]
[Black "Dimitrov, Pavel"]
[Result "0-1"]
[WhiteElo "1813"]
[BlackElo "2344"]
[PlyCount "90"]
[EventDate "2011.06.25"]
[EventType "swiss"]
[EventRounds "9"]
[EventCountry "BUL"]

1. e4 d5 2. exd5 Nf6 3. d4 Nxd5 4. Nf3 Bf5 5. Bd3 Qc8 6. O-O g6 7. c3 Bg7 8.
Re1 O-O 9. Qc2 c5 10. Bxf5 Qxf5 11. Qxf5 gxf5 12. dxc5 Na6 13. Be3 Nxe3 14.
Rxe3 e6 15. c6 bxc6 16. Na3 Nc7 17. Ne5 Nd5 18. Ree1 Rac8 19. Nac4 Rfd8 20.
Rad1 c5 21. Rd2 Nb6 22. Red1 Rxd2 23. Rxd2 Nd5 24. g3 Bh6 25. f4 Bf8 26. Kf2
Be7 27. Ne3 Nf6 28. Ke2 h5 29. c4 Rc7 30. Kf3 Ng4 31. N3xg4 hxg4+ 32. Ke3 Kg7
33. Rd3 Bf6 34. Rb3 Bxe5 35. fxe5 f6 36. exf6+ Kxf6 37. Rb8 Rh7 38. Ra8 Rxh2
39. Rxa7 Rxb2 40. a4 Rg2 41. a5 Rxg3+ 42. Kf2 Rc3 43. Ra8 Rxc4 44. a6 Ra4 45.
a7 Ke5 0-1

[Event "Albena BUL, 19th Open round_1"]
[Site "Albena BUL"]
[Date "2011.06.25"]
[Round "1.42"]
[White "Vutov, Mario"]
[Black "Kefalas, Loukas"]
[Result "1-0"]
[WhiteElo "2342"]
[BlackElo "1813"]
[PlyCount "63"]
[EventDate "2011.06.25"]
[EventType "swiss"]
[EventRounds "9"]
[EventCountry "BUL"]

1. e4 c5 2. Nf3 d6 3. d4 cxd4 4. Nxd4 Nf6 5. f3 a6 6. c4 e6 7. Nc3 Be7 8. Be3
Nbd7 9. Be2 Qc7 10. Rc1 b6 11. O-O Bb7 12. b4 O-O 13. Nb3 Rfd8 14. a4 Rac8 15.
a5 bxa5 16. Nxa5 d5 17. exd5 Bxb4 18. Nxb7 Qxb7 19. dxe6 fxe6 20. Rb1 Ne5 21.
Qb3 a5 22. Na2 Nc6 23. Nxb4 axb4 24. Qb2 Nd7 25. c5 Nf6 26. Bc4 Nd5 27. Bf2 Qf7
28. Rfe1 Re8 29. Ra1 Ra8 30. Rxa8 Rxa8 31. Qe2 Re8 32. Bxd5 1-0

[Event "Albena BUL, 19th Open round_1"]
[Site "Albena BUL"]
[Date "2011.06.25"]
[Round "1.45"]
[White "Culiuc, Maxim"]
[Black "Stoma, Pawel"]
[Result "0-1"]
[WhiteElo "1794"]
[BlackElo "2326"]
[PlyCount "50"]
[EventDate "2011.06.25"]
[EventType "swiss"]
[EventRounds "9"]
[EventCountry "BUL"]

1. e4 c5 2. Nf3 Nc6 3. d4 cxd4 4. Nxd4 Qc7 5. Nc3 e6 6. Be2 a6 7. O-O Nf6 8. a4
Bb4 9. Nxc6 bxc6 10. Qd3 d5 11. Bg5 Be7 12. exd5 cxd5 13. Qg3 Qxg3 14. hxg3 h6
15. Bf4 O-O 16. a5 Bb4 17. Na4 Bxa5 18. Nc5 Bb6 19. Nxa6 Ne4 20. g4 f5 21. g5
hxg5 22. Be5 f4 23. b4 Ng3 24. Bd3 Bxa6 25. Bxa6 Kf7 0-1

[Event "Albena BUL, 19th Open round_1"]
[Site "Albena BUL"]
[Date "2011.06.25"]
[Round "1.46"]
[White "Bonev, Todor"]
[Black "Petrov, Vladimir Sergeev"]
[Result "1/2-1/2"]
[WhiteElo "2317"]
[BlackElo "1793"]
[PlyCount "102"]
[EventDate "2011.06.25"]
[EventType "swiss"]
[EventRounds "9"]
[EventCountry "BUL"]

1. e4 c5 2. Nf3 d6 3. d4 cxd4 4. Nxd4 Nf6 5. Nc3 a6 6. f4 e5 7. Nf3 Nc6 8. a4
Be7 9. Bc4 O-O 10. O-O Qc7 11. Ba2 b6 12. Qe1 Bb7 13. Kh1 Rac8 14. Qg3 Nh5 15.
Qg4 Nf6 16. Qh3 Nb4 17. Ng5 h6 18. Bb3 exf4 19. Nxf7 Rxf7 20. Bxf4 Rcf8 21.
Rae1 Kh8 22. Bxf7 Rxf7 23. e5 dxe5 24. Bxe5 Qc6 25. Ne4 Nxe4 26. Rxf7 Ng5 27.
Qg3 Qxg2+ 28. Qxg2 Bxg2+ 29. Kxg2 Nxf7 30. Bxg7+ Kxg7 31. Rxe7 Kf6 32. Rb7 Nd5
33. c4 Nd6 34. Ra7 Nxc4 35. b3 Na5 36. Rxa6 Nxb3 37. Kf3 Nc5 38. Ra8 Nc3 39. a5
bxa5 40. Rxa5 N3e4 41. Kf4 Kg6 42. Rb5 h5 43. h4 Kg7 44. Ke5 Nf6 45. Kf5 Ncd7
46. Kg5 Ne4+ 47. Kf4 Ndf6 48. Ra5 Kg6 49. Ke5 Ng3 50. Ra6 Nge4 51. Ra1 Kf7
1/2-1/2

[Event "Albena BUL, 19th Open round_1"]
[Site "Albena BUL"]
[Date "2011.06.25"]
[Round "1.47"]
[White "Nancheva, Doroteya"]
[Black "Sarenac, David"]
[Result "0-1"]
[WhiteElo "1788"]
[BlackElo "2315"]
[PlyCount "80"]
[EventDate "2011.06.25"]
[EventType "swiss"]
[EventRounds "9"]
[EventCountry "BUL"]

1. e4 c5 2. Nf3 d6 3. d4 cxd4 4. Nxd4 Nf6 5. Nc3 a6 6. Be2 e5 7. Nb3 Be7 8. O-O
O-O 9. Be3 Be6 10. Qd2 Nbd7 11. a4 Rc8 12. a5 Qc7 13. Rfd1 Rfd8 14. Qe1 Qc6 15.
Bf3 h6 16. Rd2 Nh7 17. Qd1 Ng5 18. Bxg5 hxg5 19. Nc1 Nf6 20. h3 b5 21. axb6
Qxb6 22. Nd3 a5 23. Qe2 Rb8 24. Qe3 Qc7 25. Nd5 Nxd5 26. exd5 Bd7 27. b3 f5 28.
Nb2 Bf6 29. Ra2 g6 30. Nc4 a4 31. Rd1 Re8 32. Be2 Bb5 33. Na3 Bxe2 34. Qxe2
axb3 35. cxb3 Rxb3 36. Rc2 Qd7 37. Nc4 e4 38. Rdc1 Rd3 39. Nb6 Qb5 40. Rb2 Qxb2
0-1

[Event "Albena BUL, 19th Open round_1"]
[Site "Albena BUL"]
[Date "2011.06.25"]
[Round "1.48"]
[White "Sarenac, Ivan"]
[Black "Chervenkov, Dinko"]
[Result "1-0"]
[WhiteElo "2315"]
[BlackElo "1778"]
[PlyCount "57"]
[EventDate "2011.06.25"]
[EventType "swiss"]
[EventRounds "9"]
[EventCountry "BUL"]

1. e4 g6 2. d4 Bg7 3. Nc3 d6 4. Bg5 Nc6 5. Nge2 Nf6 6. Qd2 h6 7. Bh4 g5 8. Bg3
e5 9. d5 Ne7 10. h4 g4 11. h5 c6 12. dxc6 Nxc6 13. O-O-O Bf8 14. Bh4 Be6 15. f4
Be7 16. Kb1 Nxe4 17. Nxe4 Bxh4 18. Nxd6+ Kf8 19. fxe5 Bg5 20. Qc3 f6 21. Nd4
Nxd4 22. Qxd4 Qa5 23. Bc4 Bxc4 24. Qxc4 Rh7 25. exf6 Rd8 26. Ne4 Rhd7 27. Rxd7
Rxd7 28. Nxg5 hxg5 29. Qxg4 1-0

[Event "Albena BUL, 19th Open round_1"]
[Site "Albena BUL"]
[Date "2011.06.25"]
[Round "1.49"]
[White "Atanasov, Margarit"]
[Black "Becker, Michael"]
[Result "1/2-1/2"]
[WhiteElo "1777"]
[BlackElo "2309"]
[PlyCount "57"]
[EventDate "2011.06.25"]
[EventType "swiss"]
[EventRounds "9"]
[EventCountry "BUL"]

1. e4 c5 2. Nf3 Nc6 3. d4 cxd4 4. Nxd4 g6 5. Bc4 Qb6 6. Nxc6 bxc6 7. O-O Bg7 8.
Nc3 d6 9. Kh1 Nf6 10. f4 O-O 11. Qe1 Nd7 12. Bb3 a5 13. Be3 Qb8 14. Qf2 Ba6 15.
Rfd1 Qb7 16. h3 Rab8 17. Ba7 Rbc8 18. Be3 Qb4 19. a3 Qb7 20. Rab1 Bb5 21. Ba2
a4 22. Qh4 Rfe8 23. Qf2 Qa6 24. Bd4 Bxd4 25. Qxd4 c5 26. Qd5 Rf8 27. Qg5 Rfe8
28. Qd5 Rf8 29. Qg5 1/2-1/2

[Event "Albena BUL, 19th Open round_1"]
[Site "Albena BUL"]
[Date "2011.06.25"]
[Round "1.50"]
[White "Badev, Kiril"]
[Black "Georgiev, Emil"]
[Result "1-0"]
[WhiteElo "2307"]
[BlackElo "1765"]
[PlyCount "35"]
[EventDate "2011.06.25"]
[EventType "swiss"]
[EventRounds "9"]
[EventCountry "BUL"]

1. e4 d5 2. exd5 Qxd5 3. Nc3 Qa5 4. d4 Nf6 5. Nf3 Bg4 6. h3 Bh5 7. g4 Bg6 8.
Ne5 e6 9. Bg2 Qa6 10. h4 Bb4 11. h5 Be4 12. Bxe4 Nxe4 13. Qf3 Nd6 14. h6 g6 15.
Qf6 Rf8 16. Bg5 Nc6 17. Nxc6 Ne4 18. Nxb4 1-0

[Event "Albena BUL, 19th Open round_2"]
[Site "Albena BUL"]
[Date "2011.06.26"]
[Round "2.1"]
[White "Cheparinov, Ivan"]
[Black "Nedev, Tanio"]
[Result "1-0"]
[WhiteElo "2669"]
[BlackElo "2204"]
[PlyCount "63"]
[EventDate "2011.06.25"]
[EventType "swiss"]
[EventRounds "9"]
[EventCountry "BUL"]

1. e4 e5 2. Nf3 Nc6 3. Bb5 Nd4 4. Nxd4 exd4 5. O-O c6 6. Ba4 Nf6 7. Re1 d6 8.
d3 Be7 9. Bb3 O-O 10. Nd2 a5 11. c3 a4 12. Bc2 dxc3 13. bxc3 b5 14. d4 Bg4 15.
f3 Bh5 16. g4 Bg6 17. f4 h6 18. f5 Bh7 19. Qf3 Qb6 20. Kg2 Rfe8 21. h4 Nd7 22.
Qg3 f6 23. Nf3 c5 24. g5 hxg5 25. hxg5 Kf8 26. Rh1 Bg8 27. Rh8 fxg5 28. Nxg5
Bxg5 29. Bxg5 Ra7 30. Rf1 Kf7 31. Bh4 Nf8 32. Bd1 1-0

[Event "Albena BUL, 19th Open round_2"]
[Site "Albena BUL"]
[Date "2011.06.26"]
[Round "2.2"]
[White "Idrisov, Tabriz Arif Oglu"]
[Black "Lupulescu, Constantin"]
[Result "0-1"]
[WhiteElo "2204"]
[BlackElo "2638"]
[PlyCount "140"]
[EventDate "2011.06.25"]
[EventType "swiss"]
[EventRounds "9"]
[EventCountry "BUL"]

1. d4 Nf6 2. c4 e6 3. Nc3 c5 4. d5 exd5 5. cxd5 d6 6. Nf3 g6 7. Bf4 a6 8. a4
Bg7 9. h3 O-O 10. e3 Ne8 11. Be2 Nd7 12. O-O Qe7 13. Ra3 f5 14. Re1 Ne5 15.
Nxe5 dxe5 16. Bh2 b6 17. Qb3 Qd6 18. e4 f4 19. Nb1 Qd8 20. Nd2 Nd6 21. Qc2 Bd7
22. Nc4 Qc7 23. Nxd6 Qxd6 24. Rc3 Rfc8 25. Kh1 b5 26. f3 b4 27. Rc4 Bb5 28. Bg1
Bxc4 29. Qxc4 Bf8 30. Bf2 Qf6 31. b3 Bd6 32. Kg1 g5 33. Rc1 h5 34. Rc2 Rc7 35.
Kf1 Rg7 36. Qd3 Rc7 37. Qc4 Kh8 38. Kg1 Rh7 39. Qd3 Rc7 40. Qc4 Rh7 41. Qd3 Rg8
42. Qd1 Qg6 43. Qd3 Rh6 44. Kf1 Qh7 45. Qc4 a5 46. Qd3 Rc8 47. Rc4 Rc7 48. Qc2
Qe7 49. Qd3 Qf8 50. Qd1 Rhh7 51. Kg1 Kg8 52. Kf1 Qf6 53. Qd3 Rc8 54. Qc2 Rg7
55. Qd3 Qh6 56. Qd1 Kh8 57. Kg1 Rcg8 58. Rc2 Rh7 59. Rc4 Rc7 60. Qd3 Rg6 61.
Qc2 g4 62. fxg4 hxg4 63. hxg4 Rh7 64. Kf1 Qh1+ 65. Bg1 f3 66. Bxf3 Rf7 67. Qe2
Rxg4 68. Rc2 c4 69. Qxc4 Rxf3+ 70. gxf3 Qxg1+ 0-1

[Event "Albena BUL, 19th Open round_2"]
[Site "Albena BUL"]
[Date "2011.06.26"]
[Round "2.3"]
[White "Rodshtein, Maxim"]
[Black "Aseeva, Marina"]
[Result "1-0"]
[WhiteElo "2638"]
[BlackElo "2199"]
[PlyCount "91"]
[EventDate "2011.06.25"]
[EventType "swiss"]
[EventRounds "9"]
[EventCountry "BUL"]

1. d4 d5 2. c4 c6 3. Nf3 Nf6 4. e3 e6 5. b3 Bb4+ 6. Nbd2 a5 7. a3 Bd6 8. Bd3
O-O 9. O-O Nbd7 10. Bb2 Re8 11. Ne5 Nf8 12. Qc2 N6d7 13. f4 f5 14. Ndf3 Nf6 15.
Bc3 Ne4 16. b4 Ng6 17. c5 Bxe5 18. dxe5 a4 19. Bd4 Bd7 20. Qd1 Qb8 21. Bc2 Qa7
22. Ne1 Ne7 23. Nd3 Nc8 24. Nb2 Qa6 25. Nxa4 Qb5 26. Nb2 Qa6 27. Bd3 Qa7 28. a4
Qb8 29. Qc2 Qc7 30. b5 b6 31. cxb6 Nxb6 32. a5 Nc4 33. b6 Qb7 34. Nxc4 dxc4 35.
Bxe4 fxe4 36. Qxc4 c5 37. Bxc5 Rec8 38. Rfc1 Ra6 39. Qd4 Bc6 40. Qd6 Bd5 41.
Bb4 Raa8 42. Rc7 Rxc7 43. bxc7 Qc8 44. f5 h6 45. f6 gxf6 46. exf6 1-0

[Event "Albena BUL, 19th Open round_2"]
[Site "Albena BUL"]
[Date "2011.06.26"]
[Round "2.4"]
[White "Vandev, Dimitar"]
[Black "Delchev, Aleksander"]
[Result "0-1"]
[WhiteElo "2189"]
[BlackElo "2619"]
[PlyCount "94"]
[EventDate "2011.06.25"]
[EventType "swiss"]
[EventRounds "9"]
[EventCountry "BUL"]

1. e4 c5 2. Bc4 e6 3. Qe2 Nc6 4. Nf3 a6 5. d3 b5 6. Bb3 Na5 7. O-O Qc7 8. Re1
Ne7 9. Nc3 d6 10. Bf4 Ng6 11. Bg3 Be7 12. Rad1 Nxb3 13. axb3 b4 14. Nb1 e5 15.
Nbd2 O-O 16. Nc4 f5 17. h3 f4 18. Bh2 Rb8 19. Ra1 Kh8 20. Kh1 Rf7 21. Bg1 Nf8
22. Qd1 Ne6 23. c3 Bf6 24. Ra4 Rd7 25. Nh2 g6 26. Nf3 Rd8 27. Nfd2 h5 28. Qe2
Qh7 29. Rea1 bxc3 30. bxc3 Nc7 31. b4 Nb5 32. Nb1 cxb4 33. Rxb4 Nd4 34. Qd1
Rxb4 35. cxb4 f3 36. Nb6 Bg4 37. hxg4 hxg4+ 38. Bh2 fxg2+ 39. Kxg2 Qh3+ 40. Kh1
Nf3 41. Qg1 Nxg1 42. Kxg1 Bh4 43. Ra2 Qxd3 44. Nd2 Qe2 45. Bg3 Bxg3 46. fxg3
Rf8 47. Nd5 Qe1+ 0-1

[Event "Albena BUL, 19th Open round_2"]
[Site "Albena BUL"]
[Date "2011.06.26"]
[Round "2.5"]
[White "Grigoryan, Avetik"]
[Black "Dimov, Kiril"]
[Result "1-0"]
[WhiteElo "2608"]
[BlackElo "2187"]
[PlyCount "61"]
[EventDate "2011.06.25"]
[EventType "swiss"]
[EventRounds "9"]
[EventCountry "BUL"]

1. d4 Nf6 2. c4 g6 3. Nc3 Bg7 4. e4 d6 5. h3 O-O 6. Be3 e5 7. d5 Ne8 8. g4 f5
9. gxf5 gxf5 10. exf5 Bxf5 11. Nge2 Nf6 12. Ng3 Bg6 13. h4 h5 14. Bd3 e4 15.
Ncxe4 Ng4 16. Ng5 Qf6 17. O-O Nd7 18. Bxg6 Qxg6 19. Qb1 Nde5 20. Bd4 Qxb1 21.
Raxb1 Rf4 22. Rbd1 Bf6 23. Kg2 Bxg5 24. hxg5 Nxc4 25. Nxh5 Rf5 26. Nf6+ Nxf6
27. Bxf6 Nb6 28. Rh1 Re8 29. Rh8+ Kf7 30. Rh7+ Kf8 31. Rdh1 1-0

[Event "Albena BUL, 19th Open round_2"]
[Site "Albena BUL"]
[Date "2011.06.26"]
[Round "2.6"]
[White "Ivanov, Bogidar"]
[Black "Chatalbashev, Boris"]
[Result "0-1"]
[WhiteElo "2179"]
[BlackElo "2591"]
[PlyCount "116"]
[EventDate "2011.06.25"]
[EventType "swiss"]
[EventRounds "9"]
[EventCountry "BUL"]

1. e4 g6 2. d4 Bg7 3. Nc3 d6 4. Be3 Nf6 5. h3 O-O 6. Qd2 e5 7. O-O-O exd4 8.
Bxd4 Nc6 9. Be3 Re8 10. f3 a6 11. Bh6 Bh8 12. Bg5 Be6 13. Nge2 b5 14. Nf4 Ne5
15. Nxe6 fxe6 16. Qe1 Nf7 17. Bh4 Qd7 18. Bf2 b4 19. Ne2 a5 20. Kb1 Ne5 21. Nc1
Qg7 22. f4 Ned7 23. Nd3 c5 24. e5 Nd5 25. Bg3 c4 26. Nc1 Rac8 27. Qe4 N7f6 28.
Qd4 Nh5 29. Bh2 Nhxf4 30. Bxf4 dxe5 31. Bxe5 Qxe5 32. Qxe5 Bxe5 33. Re1 Bd4 34.
Be2 a4 35. Bg4 Ne3 36. Bf3 a3 37. Ne2 Bxb2 38. Nf4 Bd4 39. Be4 Rb8 40. Ne2 Bc5
41. Nc1 Rf8 42. Re2 Rf4 43. Bf3 e5 44. Rxe3 Bxe3 45. Bd5+ Kg7 46. Ne2 Rf2 47.
Bxc4 Rc8 48. Ba6 Rcf8 49. Ng3 Rxg2 50. Ne4 Rf4 51. Bd3 Rh4 52. Bf1 Rgg4 53. Nd6
Rd4 54. Ne8+ Kf7 55. Bb5 Rxh3 56. Rf1+ Bf4 57. Nc7 g5 58. Nd5 g4 0-1

[Event "Albena BUL, 19th Open round_2"]
[Site "Albena BUL"]
[Date "2011.06.26"]
[Round "2.7"]
[White "Kolev, Atanas"]
[Black "Ahmedov, Metin"]
[Result "1-0"]
[WhiteElo "2590"]
[BlackElo "2174"]
[PlyCount "91"]
[EventDate "2011.06.25"]
[EventType "swiss"]
[EventRounds "9"]
[EventCountry "BUL"]

1. d4 d5 2. Nf3 Nf6 3. Bf4 c5 4. e3 Nc6 5. Be2 e6 6. O-O Bd6 7. Bxd6 Qxd6 8. c4
cxd4 9. Nxd4 O-O 10. cxd5 Nxd4 11. Qxd4 Qxd5 12. Qxd5 Nxd5 13. Bf3 Nf6 14. Rc1
e5 15. Nc3 Be6 16. Nb5 e4 17. Be2 Rac8 18. a3 a6 19. Nd6 Rxc1+ 20. Rxc1 Bd5 21.
Bc4 Bxc4 22. Rxc4 Rd8 23. Rd4 Rb8 24. Kf1 Kf8 25. Ke2 Ke7 26. Nxe4 Ne8 27. g4
Rc8 28. Kd2 Rc6 29. h4 Nc7 30. Ng3 g6 31. Ne4 Ne6 32. Rd5 Rc7 33. b3 Rc8 34. a4
Rc7 35. f4 f6 36. h5 Rc6 37. h6 Rc7 38. f5 Nf8 39. Nc5 gxf5 40. gxf5 a5 41. Nd3
b6 42. Rd4 Kf7 43. Rg4 Rc6 44. Rg7+ Ke8 45. e4 Kd8 46. Nf4 1-0

[Event "Albena BUL, 19th Open round_2"]
[Site "Albena BUL"]
[Date "2011.06.26"]
[Round "2.8"]
[White "Baciu, Diana"]
[Black "Nikolov, Momchil"]
[Result "0-1"]
[WhiteElo "2173"]
[BlackElo "2583"]
[PlyCount "58"]
[EventDate "2011.06.25"]
[EventType "swiss"]
[EventRounds "9"]
[EventCountry "BUL"]

1. e4 c5 2. Nf3 e6 3. c3 Nf6 4. e5 Nd5 5. d4 cxd4 6. cxd4 b6 7. Bc4 Ba6 8. Bxa6
Nxa6 9. O-O Be7 10. Nbd2 O-O 11. Ne4 Nac7 12. Bd2 f6 13. Rc1 f5 14. Nc3 b5 15.
Qe2 a6 16. a4 Qb8 17. axb5 axb5 18. Ra1 Qb6 19. Rfc1 Rfc8 20. Nxd5 Nxd5 21. Qd3
Qb7 22. h3 h6 23. Qb3 Rxc1+ 24. Rxc1 Kf7 25. Ne1 Ra4 26. Nc2 Rc4 27. Qa2 Bg5
28. Bxg5 hxg5 29. b3 Nf4 0-1

[Event "Albena BUL, 19th Open round_2"]
[Site "Albena BUL"]
[Date "2011.06.26"]
[Round "2.9"]
[White "Jaracz, Pawel"]
[Black "Luncasu, Raul-Ionut"]
[Result "1-0"]
[WhiteElo "2575"]
[BlackElo "2172"]
[PlyCount "109"]
[EventDate "2011.06.25"]
[EventType "swiss"]
[EventRounds "9"]
[EventCountry "BUL"]

1. c4 Nf6 2. Nc3 c5 3. Nf3 e6 4. e3 d5 5. cxd5 exd5 6. d4 Nc6 7. Bb5 a6 8.
Bxc6+ bxc6 9. Ne5 Qc7 10. Qa4 Bb7 11. b3 Bd6 12. Ba3 O-O 13. Nd3 Bxh2 14. Nxc5
Bc8 15. O-O-O Bd6 16. Nd3 a5 17. Kb2 Ba6 18. Bxd6 Qxd6 19. Qa3 Qe6 20. Nc5 Qg4
21. Rhg1 Bb5 22. Ka1 Rfe8 23. Qb2 Reb8 24. Qc2 h6 25. Rc1 Qc8 26. a4 Ba6 27.
Nb1 Qg4 28. Nd2 Bc8 29. Qc3 Bf5 30. Nf3 Nd7 31. Nxd7 Bxd7 32. Ne5 Qe6 33. Ka2
Be8 34. Nd3 Qf6 35. Rc2 h5 36. Qd2 Bd7 37. Ne5 Be8 38. Rc5 Rb6 39. Rgc1 Rab8
40. Rb1 Qg5 41. g3 f6 42. Nd3 Bg6 43. Rb2 Qf5 44. Nf4 Be8 45. Rxa5 g5 46. Nd3
Bg6 47. Nc5 h4 48. gxh4 gxh4 49. Ra7 h3 50. e4 Qh5 51. f3 dxe4 52. fxe4 Bf7 53.
Qf4 Bxb3+ 54. Nxb3 Rxb3 55. Qxb8+ 1-0

[Event "Albena BUL, 19th Open round_2"]
[Site "Albena BUL"]
[Date "2011.06.26"]
[Round "2.12"]
[White "Nevednichy, Vladislav"]
[Black "Evstatiev, Georgi"]
[Result "1-0"]
[WhiteElo "2542"]
[BlackElo "2148"]
[PlyCount "57"]
[EventDate "2011.06.25"]
[EventType "swiss"]
[EventRounds "9"]
[EventCountry "BUL"]

1. e4 c5 2. Nf3 d6 3. d4 cxd4 4. Nxd4 Nf6 5. Nc3 a6 6. f4 e6 7. a4 Be7 8. Bd3
Nc6 9. Nb3 Na5 10. Nd4 Nc6 11. Nf3 Qc7 12. O-O O-O 13. Kh1 Re8 14. Qe1 b6 15.
e5 Nd7 16. exd6 Bxd6 17. Ne4 Bf8 18. Bd2 Bb7 19. Bc3 h6 20. Ne5 Nc5 21. Qg3
Nxe4 22. Bxe4 Ne7 23. Bd3 Nd5 24. Ng4 g6 25. Be5 Qd8 26. Bxg6 fxg6 27. Nxh6+
Kh7 28. Nf7 Qe7 29. Qh3+ 1-0

[Event "Albena BUL, 19th Open round_2"]
[Site "Albena BUL"]
[Date "2011.06.26"]
[Round "2.13"]
[White "Stoilov, Atanas"]
[Black "Grigorov, Grigor"]
[Result "0-1"]
[WhiteElo "2168"]
[BlackElo "2497"]
[PlyCount "74"]
[EventDate "2011.06.25"]
[EventType "swiss"]
[EventRounds "9"]
[EventCountry "BUL"]

1. e4 c5 2. Nf3 d6 3. d4 cxd4 4. Nxd4 Nf6 5. Nc3 a6 6. Bg5 Nbd7 7. Bd3 b5 8.
O-O Bb7 9. a3 e6 10. Qe2 Be7 11. Rad1 O-O 12. Kh1 Qb6 13. Be3 Qc7 14. f4 Nc5
15. Bf2 d5 16. e5 Nfe4 17. Bxe4 Nxe4 18. Nxe4 dxe4 19. Qg4 Rad8 20. c3 g6 21.
Bh4 Bxh4 22. Qxh4 Rd7 23. Rfe1 Bd5 24. Re3 f6 25. exf6 Rdf7 26. Kg1 Rxf6 27. g3
e5 28. fxe5 Qxe5 29. Rde1 Rf2 30. R3e2 e3 31. Qg4 Qf6 32. Qh3 Rxe2 33. Rxe2 Bc4
34. Qg2 Bxe2 35. Qxe2 Qf2+ 36. Qxf2 Rxf2 37. b3 Kf7 0-1

[Event "Albena BUL, 19th Open round_2"]
[Site "Albena BUL"]
[Date "2011.06.26"]
[Round "2.14"]
[White "Carlsson, Pontus"]
[Black "Yordanova, Svetla"]
[Result "1-0"]
[WhiteElo "2497"]
[BlackElo "2137"]
[PlyCount "113"]
[EventDate "2011.06.25"]
[EventType "swiss"]
[EventRounds "9"]
[EventCountry "BUL"]

1. e4 e6 2. d4 d5 3. Nd2 Nc6 4. Ngf3 Nf6 5. e5 Nd7 6. c3 f6 7. Bb5 a6 8. Bxc6
bxc6 9. O-O f5 10. Nb3 a5 11. Ng5 Qe7 12. g4 h6 13. Nh3 Qf7 14. g5 a4 15. Nd2
hxg5 16. Nxg5 Qg6 17. Ndf3 Be7 18. Kh1 Nb6 19. Rg1 f4 20. Bxf4 Qf5 21. Be3 Ba6
22. b3 Kd7 23. Rg3 Rh5 24. Kg2 Rah8 25. Qd2 Bd3 26. Rh1 axb3 27. axb3 Be4 28.
h4 Rxh4 29. Rxh4 Rxh4 30. Nxe4 Qxe4 31. Bg5 Rg4 32. Bxe7 Kxe7 33. Qe3 Qxe3 34.
fxe3 Rxg3+ 35. Kxg3 Nc8 36. Kg4 Na7 37. c4 dxc4 38. bxc4 c5 39. Kh5 Nc6 40. Kg6
Na5 41. Nd2 Nc6 42. Nb3 cxd4 43. exd4 Kf8 44. Kg5 Kf7 45. Kf4 Ne7 46. Nc5 Ng6+
47. Kg5 c6 48. Nb7 Nf8 49. Nd8+ Ke7 50. Nxc6+ Kd7 51. Nb4 Kc7 52. Nd3 Kd7 53.
Nc5+ Ke7 54. d5 exd5 55. cxd5 Kf7 56. d6 Ke8 57. Kf5 1-0